[Event "Mogliano Veneto op 22nd"]
[Site "Mogliano Veneto"]
[Date "2001.04.29"]
[Round "3"]
[White "De Nadai, Luca"]
[Black "Ballarin, Gabriele"]
[Result "1-0"]
[WhiteElo "1586"]
[BlackElo "1660"]
[PlyCount "93"]
[EventDate "2001.04.28"]
[EventType "swiss"]
[EventRounds "6"]
[EventCountry "ITA"]
[SourceTitle "EXT 2023"]
[Source "ChessBase"]
[SourceDate "2022.10.05"]
[SourceVersion "1"]
[SourceVersionDate "2022.10.05"]
[SourceQuality "1"]

1. c4 e5 2. Nc3 Nc6 3. g3 g6 4. Bg2 Nge7 5. Nf3 Bg7 6. 0-0 d6 7. a3 f5 8. d3 h6 9. Rb1 g5 10. Nd5 Be6 11. Nxe7 Nxe7 12. b4 Rb8 13. Nd2 f4 14. Qa4+ c6 15. Qxa7 Qc8 16. Qa4 Ra8 17. Qc2 Bh3 18. Ne4 0-0 19. Nxd6 Qd7 20. c5 fxg3 21. hxg3 Bxg2 22. Kxg2 b6 23. Qb3+ Kh7 24. Rh1 Kg6 25. Be3 b5 26. d4 Nf5 27. Qd3 exd4 28. Bxd4 Bxd4 29. g4 Bf6 30. gxf5+ Kg7 31. Qh3 Rh8 32. Qh5 Qe7 33. Qg6+ Kf8 34. Rxh6 Rxh6 35. Qxh6+ Qg7 36. Qh3 Qg8 37. Rb3 Qd5+ 38. Qf3 Qxf3+ 39. Kxf3 Be5 40. Ne4 Kf7 41. Nxg5+ Kf6 42. Kg4 Rg8 43. f4 Bc7 44. Rd3 Rg7 45. e4 Bb8 46. Kf3 Bc7 47. Ne6 1-0